000 01112nam a2200193Ia 4500
003 Ost
005 20260507075729.0
008 260507s9999||||xx |||||||||||||| ||und||
040 _cfsecg
041 _aara
082 _a658.02
100 _aبحيري، سعد صادق
_eمؤلف
245 0 _aادارة توازن الاداء /
_c سعد صادق بحيري
260 _aالاسكندرية:
_bالدار الجامعية,
_c2004
300 _a449 صفحة؛
_bإيضاحات ؛
_c24 سم
520 _aهذا الكتاب يستهدف وضع لبنات التوازن في أداء منشأتنا عن طريق بيان مفهوم توازن الاداء واظهار أهمية للمنشأة ومن حولها واظهار سبل توفيره توضيح كيفيةقياس أداء المنشأت وتسييرها على نحومتوازن توازن أداء المنشآت ، التقييم المتوازن للآداء ، حالات عملية و دراسات ميدانية في التقييم المتوازن للآداء.
653 _aالمنشآت- إدارة
942 _cكتاب
999 _c46021
_d46021